Scuba (Record no. 29987)

MARC details
000 -LEADER
fixed length control field 00272nam a2200121Ia 4500
082 ## - DEWEY DECIMAL CLASSIFICATION NUMBER
Classification number 82-3
Item number BLA;2
100 ## - MAIN ENTRY--AUTHOR NAME
Personal name Blair, Clay
245 #0 - TITLE STATEMENT
Title Scuba
260 ## - PUBLICATION, DISTRIBUTION, ETC. (IMPRINT)
Place of publication Toronto
Name of publisher Bantam
Year of publication 1977
700 ## - ADDED ENTRY--PERSONAL NAME
Personal name Blair, Joan
942 ## - ADDED ENTRY ELEMENTS (KOHA)
Koha item type Books
Holdings
Withdrawn status Lost status Damaged status Not for loan Home library Current library Date acquired Full call number Accession Number Koha item type
        RRII Library RRII Library 16/12/2021 82-3 BLA;2 10567 Books